000
00281nam a2200121Ia 4500
005
20251222155145.0
008
251222s9999||||xx |||||||||||||| ||spa||
082
_a
SOC.68
100
_a
INAGRUV
245
0
_a
Necesidades a las mujeres de Iquitos
264
_b
D.Graff
942
_c
LIB
999
_c
39323
_d
39323